000 00764nam a22002297a 4500
001 6111
003 FISKH
005 20250421091052.0
008 250314b cb ||||| |||| 00| 0 eng d
040 _aFISKH
_bKhmer
_cFISKH
_dFISKH
050 _aPZ7
082 _a900
100 _aLeangkim, Eung
245 _aព្រះវេស្សន្តរ :
_bអត្ថបទរឿងអមដោយរូបភាព​ /
_cអុឺង លាងគឺម
260 _aPhnom Penh :
_c2014.
300 _a45 pages :
_billustrations ;
_c20 cm .
650 _aព្រះវេស្សន្តរ
650 _aPreah Ve sSon Dor
700 _aមាន ទិដ្ឌភាព
_eរូបភាពគំនូរ
942 _2ddc
_cBK
_n0
999 _c6111
_d6111